Splendour of Worship (Record no. 10521)

MARC details
000 -LEADER
fixed length control field 00671nam a2200253 a 4500
020 ## - INTERNATIONAL STANDARD BOOK NUMBER
ISBN 8185054
082 00 - DEWEY DECIMAL CLASSIFICATION NUMBER
Classification number 294.543
Author Cutter TIW
100 ## - MAIN ENTRY--AUTHOR NAME
Author name Tiwari, Laxmi G
245 ## - TITLE STATEMENT
Title Splendour of Worship
Sub title Women`s Fasts, Rituals, Stories and Art
260 ## - PUBLICATION, DISTRIBUTION, ETC. (IMPRINT)
Place of publication Delhi
Name of publisher Manohar Pub.
Year of publication 1991
300 ## - PHYSICAL DESCRIPTION
Number of Pages 131p
500 ## - GENERAL NOTE
General note includes index and biblioraphy
505 2# - FORMATTED CONTENTS NOTE
Formatted contents note Index
650 ## - SUBJECT ADDED ENTRY--TOPICAL TERM
Topical Term Hinduism-Rituals
650 ## - SUBJECT ADDED ENTRY--TOPICAL TERM
Topical Term Women in Hinduism-Prayers and Ritua
942 ## - ADDED ENTRY ELEMENTS (KOHA)
Koha item type Books
700 1# -
-- Tiwari, Laxmi G
Holdings
Collection code Home library Current library Date acquired Cost, normal purchase price Full call number Accession Number Koha item type
  Henry Martyn Institute Library Henry Martyn Institute Library 07/24/2007 150.00 294.543 TIW 015940 Books
                   Copyright © 2026 | Henry Martyn Institute | Hyderabad | TS-500052 | INDIA | Implemented by hmi.edu.in
Hit-Count:

Powered by Koha